| Tag |
First Indicator |
Second Indicator |
Subfields |
| LEADER |
00000cam a2200000 4500 |
| 001 |
in00000033609 |
| 005 |
20151007061907.0 |
| 008 |
751029s1952 nyu 00000 eng |
| 010 |
|
|
|a 52008297
|
| 035 |
|
|
|a (OCoLC)01743397
|
| 035 |
|
|
|9 AAD3395AM
|
| 040 |
|
|
|a DLC
|c JPL
|d TXA
|d UtOrBLW
|
| 049 |
|
|
|a TXAM
|v 1 [211974]
|v 2 [211975]
|
| 050 |
0 |
0 |
|a GV875.A1
|b S6
|
| 082 |
0 |
|
|a 796.357
|
| 092 |
|
|
|a 796.357
|b S764b
|
| 130 |
0 |
|
|a BusinessDay sport monthly.
|
| 245 |
1 |
4 |
|a The book of major league baseball clubs /
|c edited by Ed Fitzgerald.
|
| 264 |
|
1 |
|a New York :
|b A.S. Barnes,
|c [1952]
|
| 300 |
|
|
|a 2 volumes ;
|c 20 cm.
|
| 336 |
|
|
|a text
|b txt
|2 rdacontent
|
| 337 |
|
|
|a unmediated
|b n
|2 rdamedia
|
| 338 |
|
|
|a volume
|b nc
|2 rdacarrier
|
| 505 |
0 |
|
|a [v.1] The American league--[v.2] The National league.
|
| 650 |
|
0 |
|a Baseball teams.
|
| 700 |
1 |
|
|a Fitzgerald, Ed,
|d 1919-
|
| 999 |
|
|
|a MARS
|
| 999 |
f |
f |
|s dd992fd6-79cb-3588-80e1-fd7911139659
|i 047409a1-8bed-3ad6-ad8a-76f575a8b41f
|t 0
|
| 952 |
f |
f |
|p ric
|a Texas A&M University
|b Rellis Campus
|c Joint Library Facility
|d Remote Storage
|t 0
|e GV875.A1 S6
|h Library of Congress classification
|i unmediated -- volume
|k v.1
|m A14801185591
|
| 952 |
f |
f |
|p ric
|a Texas A&M University
|b Rellis Campus
|c Joint Library Facility
|d Remote Storage
|t 0
|e GV875.A1 S6
|h Library of Congress classification
|i unmediated -- volume
|k v.2
|m A14801185606
|
| 998 |
f |
f |
|a GV875.A1 S6
|s v.1-v.2
|t 0
|l Remote Storage
|